1684 1858 1705 1982 1299 1464 1110 1558 1020 1029 1015 1092 1817 1061 1318 1498 1190 1946 1518 1974 1343 1356 1953 1725 1295 1224 1159 1212 1648 1587 1940 1969 1441 1024 1841 1775 1435 1638 1045 1360 1116 1651 1902 1251 1136 1516 1924 1206 1399 1323 1228 1424 1229 1051 1425 1615 1997 1817 1127 1448 1907 1340 1450 1194 1778 1088 1616 1669 1576 1119 1131 1543 1999 1027 1428 1391 1440 1165 1278 1739 1878 1061 1341 1337 1451 1919 1190 1711 1821 1316 1213 1584 1438 1543 1109 1772 1109 1479 1563 BCNSPRNW ULIB Ver.6.0+V

เปลี่ยนเป็นภาษาไทย

Change to English
 แสดงรายละเอียดบรรณานุกรม
  กลับหน้าหลัก

Brief Record : Get Marc (ISO 2709) : E-mail record : QR code < ปิดหน้าต่าง
LEADER : 00000nam 2200000uu 4500
001    13399124595
003     ULIB
008    151015s2558||||th 000 0 tha d
020    ^a9786167755229
060  4 ^aW85.5^bพ241ป
100 0   ^aพรทวี ยอดมงคล.
245 0   ^aปทานุกรมความตาย รวมคำและความหมายเพื่อชีวิตที่ดีและตายอย่างสงบ /^cพรทวี ยอดมงคล, เอกภพ สิทธิวรรณธนะ และฐนิดา อภิชนะกุลชัย.
250    ^aพิมพ์ครั้งที่ 3.
260    ^aกรุงเทพฯ :^bโครงการสื่อสารสร้างความตระหนัก วิถีสู่ความตายอย่างสงบ เครือข่ายพุทธิกา ,^c2558.
300    ^a128 หน้า. :^bภาพประกอบสี ;^c21ซม..
500    ^aสนับสนุนโดย สมาคมบริบาลผู้ป่วยระยะท้าย สำนักงานกองทุนสนับสนุนการสร้างเสริมสุขภาพ.
650 ^   ^aผู้ป่วยระยะสุดท้าย.
650 ^   ^aความตาม.
650 ^   ^aผู้ป่วย, สิทธิ.
700 0   ^aวรพงษ์ เวชมาลีนนท์^eบรรณาธิการ.
700 0   ^aเอกภพ สิทธิวรรณธนะ.
700 0   ^aฐนิดา อภิชนะกุลชัย.
945    ^p60^l0^i000114
945    ^p60^l0^i000115
999    ^aเกษร โพธิ์สุวรรณ
รายการนี้ยังไม่มีแท็ก
คุณยังไม่ได้ล็อกอิน คุณสามารถมีกิจกรรมร่วมกับเว็บไซต์ได้ แต่ต้องล็อกอินก่อน ::
  ล็อกอิน

รายการสื่อสารสนเทศ

ลำดับที่ ประเภท เลขเรียก/บาร์โค้ด สถานที่ สถานะ
1. วิทยาศาสตร์การแพทย์ และสุขภาพ
วิทยาศาสตร์การแพทย์ และสุขภาพ
สถานะ=หนังสือเก่า
W85.5 พ241ป ฉ.1 
  Barcode: 000114
ห้องสมุดวิทยาเขตสวรรค์ประชารักษ์
►ส่วนจัดเก็บหนังสือเก่า สปร
บนชั้น
  ขอยืม
2. วิทยาศาสตร์การแพทย์ และสุขภาพ
วิทยาศาสตร์การแพทย์ และสุขภาพ
สถานะ=หนังสือเก่า
W85.5 พ241ป ฉ.2 
  Barcode: 000115
ห้องสมุดวิทยาเขตสวรรค์ประชารักษ์
►ส่วนจัดเก็บหนังสือเก่า สปร
บนชั้น
  ขอยืม

BibComment


ยังไม่เคยถูกคอมเมนท์

คอมเมนท์ทรัพยากรรายการนี้
  คอมเมนท์: ปทานุกรมความตาย..


 Copyright 2026. Bcnsprnw @Library